[Event "Cutro op-A 13th"]
[Site "Cutro"]
[Date "2007.05.01"]
[Round "9"]
[White "Scerbo, Antonio"]
[Black "Van Hoolandt, Patrick"]
[Result "0-1"]
[WhiteElo "2117"]
[BlackElo "2205"]
[PlyCount "74"]
[EventDate "2007.04.23"]
[EventType "swiss"]
[EventRounds "9"]
[EventCountry "ITA"]
[SourceTitle "CBM 118 Extra"]
[Source "ChessBase"]
[SourceDate "2007.07.04"]
[SourceVersion "1"]
[SourceVersionDate "2007.07.04"]
[SourceQuality "1"]

1. d4 Nf6 2. c4 e6 3. Nf3 Bb4+ 4. Nbd2 b6 5. g3 Bb7 6. Bg2 0-0 7. 0-0 d5 8. b3 a5 9. Bb2 Bd6 10. Rc1 Na6 11. Qc2 Qe7 12. Ne5 c5 13. e3 Rfc8 14. Ndf3 Ne4 15. Rfd1 Nb4 16. Qb1 Ra7 17. cxd5 exd5 18. dxc5 bxc5 19. Ba1 Rb8 20. Qb2 f6 21. Nd3 Nxd3 22. Rxd3 c4 23. bxc4 dxc4 24. Qd4 cxd3 25. Qxa7 d2 26. Rd1 Ra8 27. Qd4 Bb4 28. Rxd2 Nxd2 29. Nxd2 Bxg2 30. Kxg2 Rd8 31. Qc4+ Qf7 32. Qxf7+ Kxf7 33. Nb3 Rc8 34. Nd4 Rc5 35. Kf3 a4 36. Ke2 Rc1 37. Bb2 Rb1 0-1

[Event "Cutro op-A 13th"]
[Site "Cutro"]
[Date "2007.04.23"]
[Round "1"]
[White "Scerbo, Antonio"]
[Black "Djuric, Stefan"]
[Result "0-1"]
[WhiteElo "2117"]
[BlackElo "2460"]
[PlyCount "66"]
[EventDate "2007.04.23"]
[EventType "swiss"]
[EventRounds "9"]
[EventCountry "ITA"]
[SourceTitle "CBM 118 Extra"]
[Source "ChessBase"]
[SourceDate "2007.07.04"]
[SourceVersion "1"]
[SourceVersionDate "2007.07.04"]
[SourceQuality "1"]

1. d4 Nf6 2. Nf3 c5 3. d5 g6 4. c4 Bg7 5. Nc3 0-0 6. e4 d6 7. h3 e6 8. Bd3 Na6 9. 0-0 e5 10. a3 Nh5 11. Rb1 Nf4 12. b4 Nxd3 13. Qxd3 h6 14. Nh2 f5 15. f4 exf4 16. Bxf4 g5 17. Bd2 Qf6 18. Kh1 Qg6 19. b5 Nb8 20. Rbe1 f4 21. Ne2 Nd7 22. Bc3 Bxc3 23. Qxc3 Nf6 24. e5 Ne4 25. Qb2 dxe5 26. Qxe5 Bf5 27. Kg1 Rae8 28. Qb2 Nd6 29. Ng4 Bxg4 30. hxg4 Nxc4 31. Qc3 Ne3 32. Rf3 Nc2 33. Rd1 Rxe2 0-1

[Event "Scalea Riviera dei Cedri 1st"]
[Site "Scalea"]
[Date "2006.09.17"]
[Round "6"]
[White "Scerbo, Antonio"]
[Black "Cammarota, Vittorio"]
[Result "1-0"]
[WhiteElo "2109"]
[BlackElo "2002"]
[PlyCount "45"]
[EventDate "2006.09.14"]
[EventType "swiss"]
[EventRounds "7"]
[EventCountry "ITA"]
[SourceTitle "EXT 2024"]
[Source "ChessBase"]
[SourceDate "2023.10.10"]
[SourceVersion "1"]
[SourceVersionDate "2023.10.10"]
[SourceQuality "1"]

1. d4 d5 2. c4 e6 3. Nc3 c6 4. Nf3 dxc4 5. a4 Bb4 6. Bd2 b5 7. axb5 Bxc3 8. Bxc3 cxb5 9. e3 a6 10. b3 Bb7 11. bxc4 bxc4 12. Bxc4 Nf6 13. Qb3 Bxf3 14. gxf3 Qc8 15. 0-0 0-0 16. Rac1 Ra7 17. Bb4 Rb7 18. Qa3 Rc7 19. Bxf8 Rxc4 20. Rxc4 Qxc4 21. Rc1 Qb5 22. Bd6 Nc6 23. Qc5 1-0

[Event "Scalea Riviera dei Cedri 1st"]
[Site "Scalea"]
[Date "2006.09.14"]
[Round "1"]
[White "Scerbo, Antonio"]
[Black "Blasco, Domenico"]
[Result "1-0"]
[WhiteElo "2109"]
[BlackElo "1992"]
[PlyCount "89"]
[EventDate "2006.09.14"]
[EventType "swiss"]
[EventRounds "7"]
[EventCountry "ITA"]
[SourceTitle "EXT 2024"]
[Source "ChessBase"]
[SourceDate "2023.10.10"]
[SourceVersion "1"]
[SourceVersionDate "2023.10.10"]
[SourceQuality "1"]

1. d4 g6 2. c4 Bg7 3. Nc3 d6 4. e4 e5 5. Be3 Nc6 6. d5 Nce7 7. c5 f5 8. f3 Nf6 9. cxd6 cxd6 10. Qa4+ Kf7 11. Nh3 h6 12. Nf2 f4 13. Bd2 Rf8 14. Be2 Kg8 15. Rc1 a6 16. Qb3 g5 17. a4 Rb8 18. Bxa6 g4 19. Be2 h5 20. Nb5 Ng6 21. Bb4 g3 22. hxg3 fxg3 23. Nd3 Ne8 24. Rxh5 Qb6 25. Kd2 Nf4 26. Nxf4 exf4 27. Rf1 Bd7 28. a5 Qd8 29. Nxd6 Nxd6 30. Bxd6 Qxa5+ 31. Bb4 Qa4 32. Qxa4 Bxa4 33. Bxf8 Bxf8 34. Bc4 Bb4+ 35. Ke2 Be8 36. Rg5+ Kf8 37. Rh1 Ke7 38. Rh6 Rc8 39. Kd3 b5 40. Bb3 Rc1 41. Rg7+ Kd8 42. Ra6 Be7 43. Ra8+ Kd7 44. Ra7+ Kd6 45. Rgxe7 1-0

[Event "Campobasso op 13th"]
[Site "Campobasso"]
[Date "2006.07.23"]
[Round "5"]
[White "Ortega, Lexy"]
[Black "Scerbo, Antonio"]
[Result "1-0"]
[WhiteElo "2435"]
[BlackElo "2109"]
[PlyCount "121"]
[EventDate "2006.07.21"]
[EventType "swiss"]
[EventRounds "6"]
[EventCountry "ITA"]
[SourceTitle "CBM 113 Extra"]
[Source "ChessBase"]
[SourceDate "2006.09.14"]
[SourceVersion "1"]
[SourceVersionDate "2006.09.14"]
[SourceQuality "1"]

1. d4 Nf6 2. Nf3 g6 3. Nc3 Bg7 4. e4 d6 5. Be3 0-0 6. Qd2 c6 7. Bh6 b5 8. Bd3 Qb6 9. Bxg7 Kxg7 10. e5 dxe5 11. dxe5 Nd5 12. Nxd5 cxd5 13. Qb4 Nc6 14. Qxb5 Bg4 15. Qxb6 axb6 16. Bb5 Bxf3 17. Bxc6 Bxg2 18. Bxa8 Bxh1 19. Bb7 Rb8 20. Kd2 Rxb7 21. Rxh1 Ra7 22. a3 Ra4 23. f3 f6 24. Re1 e6 25. exf6+ Kxf6 26. Re3 Rh4 27. Rb3 Rxh2+ 28. Kd3 Rf2 29. Ke3 Rxc2 30. Rxb6 h5 31. Kf4 g5+ 32. Kg3 h4+ 33. Kh3 d4 34. Rb3 Kf5 35. a4 Kf4 36. a5 d3 37. Rxd3 Rxb2 38. Ra3 Rb7 39. a6 Ra7 40. Kg2 e5 41. Ra4+ Kf5 42. Kh3 Kf6 43. Kg4 Kg6 44. Ra2 Kf6 45. Ra5 Kg6 46. Rxe5 Rxa6 47. Rxg5+ Kf6 48. Rh5 Ra4+ 49. f4 h3 50. Rxh3 Kg6 51. Rh1 Rb4 52. Rc1 Ra4 53. Rc6+ Kf7 54. Kg5 Ra1 55. Rc7+ Ke6 56. f5+ Ke5 57. Re7+ Kd6 58. f6 Rg1+ 59. Kf5 Rf1+ 60. Kg6 Rg1+ 61. Kf7 1-0

[Event "Catanzaro Province-ch"]
[Site "Catanzaro"]
[Date "2006.05.20"]
[Round "3"]
[White "Scerbo, Antonio"]
[Black "Blasco, Domenico"]
[Result "1/2-1/2"]
[WhiteElo "2124"]
[BlackElo "2008"]
[PlyCount "84"]
[EventDate "2006.05.19"]
[EventType "swiss"]
[EventRounds "5"]
[EventCountry "ITA"]
[SourceTitle "EXT 2024"]
[Source "ChessBase"]
[SourceDate "2023.10.10"]
[SourceVersion "1"]
[SourceVersionDate "2023.10.10"]
[SourceQuality "1"]

1. d4 g6 2. c4 Bg7 3. Nc3 d6 4. e4 e5 5. d5 Nh6 6. f3 f5 7. Be3 0-0 8. Qd2 f4 9. Bf2 c5 10. dxc6 bxc6 11. 0-0-0 Nf7 12. c5 dxc5 13. Bxc5 Qxd2+ 14. Rxd2 Rd8 15. Bc4 Rxd2 16. Kxd2 Bf8 17. Na4 Ba6 18. Be6 Bf1 19. Nh3 Bxg2 20. Ng5 Bxh1 21. Ke2 Na6 22. Bxf7+ Kg7 23. Bxf8+ Rxf8 24. Bc4 Nc7 25. Nc5 Rb8 26. b3 h6 27. Nh3 Nb5 28. Bxb5 Rxb5 29. Nd3 a5 30. Nhf2 Bg2 31. Ne1 a4 32. Nxg2 axb3 33. axb3 Rxb3 34. Nd3 Kf6 35. Nge1 g5 36. Nc2 h5 37. h3 Rb1 38. Ncb4 Rh1 39. Nf2 Rc1 40. Nfd3 Rh1 41. Nf2 Rc1 42. Nfd3 Rh1 1/2-1/2